Guess the 1960s song lyrics #339 - Statistics

General Stats
  • This quiz has been taken 20 times
  • The average score is 108 of 171
Answer Stats
Answer % Correct
the
100%
you
100%
on
89%
to
89%
baby
83%
can
83%
is
83%
it
83%
and
78%
her
78%
me
78%
Why
78%
your
78%
don't
72%
I'm
72%
my
72%
so
72%
mine
67%
out
67%
come
61%
Come
61%
make
61%
night
61%
Four Seasons
56%
gonna
56%
look
56%
Sherry
56%
tonight
56%
Where
56%
away
50%
fine
50%
Girl
50%
With
50%
dance
44%
Tell
44%
We'll
44%
ask
33%
bright
28%
everything
28%
lose
28%
mama
28%
mind
28%
nice
28%
shine
28%
better
22%
dress
22%
easy
22%
Move
22%
red
22%
You'd
22%
alright
17%
party
17%
twist
17%
lights
11%
No matching quizzes found
Score Distribution
Percent of People with Each Score
Percentile by Number Answered
Your Score History
You have not taken this quiz